Most Visited Web Sites Quiz Stats

 Plays Quiz not verified by Sporcle

Challenge
Share
Tweet
Embed
Score 0/10 Timer 01:30
0 Plays Today
Type of Site Website % Correct
Social MediaFacebook
100%
Search EngineGoogle
100%
Web-MailYahoo
95.6%
Video SharingYouTube
94.5%
Information SiteWikipedia
83.5%
Search EngineBing
79.1%
Search Engine/MailMSN
49.5%
BloggingBlogger
38.5%
ProductMicrosoft
18.7%
Web-MailLive
11%

You're not logged in!

Compare scores with friends on all Sporcle quizzes.
Join for Free
OR
Log In

You Might Also Like...

Show Comments

Extras

Created Sep 27, 2012ReportNominate
Tags:2011, site, ten, visited, web, website

Top Quizzes Today


Score Distribution

Your Account Isn't Verified!

In order to create a playlist on Sporcle, you need to verify the email address you used during registration. Go to your Sporcle Settings to finish the process.

Report this User

Report this user for behavior that violates our Community Guidelines.

Details: